Normal view MARC view

Entry Topical Term

Number of records used in: 1

001 - CONTROL NUMBER

  • control field: 48945

003 - CONTROL NUMBER IDENTIFIER

  • control field: OSt

005 - DATE AND TIME OF LATEST TRANSACTION

  • control field: 20241119103823.0

008 - FIXED-LENGTH DATA ELEMENTS

  • fixed length control field: 241119|| aca||aabn | a|a d

040 ## - CATALOGING SOURCE

  • Original cataloging agency: OSt
  • Transcribing agency: OSt

150 ## - HEADING--TOPICAL TERM

  • Topical term or geographic name entry element: Covid-19, Cooperative federalism, Centre-state relations, Epidemic disease act, Disaster management act, Dharavi model, Bhilwara model, Neet/ jee, Schedule vii, GSDP.

670 ## - SOURCE DATA FOUND

  • Source citation: Work cat.: (OSt): Saxena, Rekha and Pathak, Rounak Kumar 48944, Indian federalism and the ongoing pandemic: Systemic transformation and altered federal arrangements

Powered by Koha